000 00336 a2200169 4500
001 183482
020 _a85-262-4655-0
040 _cMagnum
100 _aShakespeare, William
240 1 0 _aHamlet
_lpor
245 1 0 _aHamlet
300 _a48
362 0 _a2003
440 1 _aScipione
697 _aLITERATURA INFANTO
942 _cBK
999 _c183482
_d183482